[Event "V Open B Carnevale"]
[Site "Milano ITA"]
[Date "2014.03.09"]
[Round "5"]
[White "Lavorgna, Francesco"]
[Black "Colica, Daniele"]
[WhiteElo "1591"]
[BlackElo "1726"]
[Result "0-1"]
[PlyCount "55"]
[EventDate "2014.03.05"]

1. Nf3 Nf6 2. c4 e6 3. g3 d5 4. d4 c5 5. cxd5 Nxd5 6. Bg2 Nc6 7. O-O Qb6 8. e4
Nf6 9. d5 Nd4 10. Nc3 Be7 11. d6 Qxd6 12. Bf4 Nxf3+ 13. Qxf3 e5 14. Bg5 Bg4 15.
Qe3 Qd4 16. Qxd4 cxd4 17. Bxf6 dxc3 18. Bxe5 c2 19. Bxg7 Rg8 20. Bc3 Bd1 21. f4
Bc5+ 22. Kh1 O-O-O 23. Bf3 Bxf3+ 24. Rxf3 Rd1+ 25. Rf1 Rgd8 26. Kg2 Rxa1 27.
Rxa1 Rd1 28. b3 0-1

[Event "V Open B Carnevale"]
[Site "Milano ITA"]
[Date "2014.03.09"]
[Round "5"]
[White "Olmo Fernandez, Angel"]
[Black "Mazzoccoli, Simone"]
[WhiteElo "1587"]
[BlackElo "1752"]
[Result "0-1"]
[PlyCount "34"]
[EventDate "2014.03.05"]

1. e4 c5 2. Nf3 Nc6 3. c3 Nf6 4. e5 Nd5 5. d4 cxd4 6. cxd4 d6 7. Bc4 Nb6 8. Bb5
dxe5 9. Nxe5 Bd7 10. Bxc6 Bxc6 11. Nxc6 bxc6 12. O-O g6 13. b3 Bg7 14. Bb2 O-O
15. Na3 Qd5 16. Rc1 Rfd8 17. Rc5 Qxc5 0-1

[Event "V Open B Carnevale"]
[Site "Milano ITA"]
[Date "2014.03.09"]
[Round "5"]
[White "Pipitone, Filippo Massimo"]
[Black "Vignati, Andrea"]
[WhiteElo "1533"]
[BlackElo "1513"]
[Result "1-0"]
[PlyCount "63"]
[EventDate "2014.03.05"]

1. d4 d5 2. Nf3 Nf6 3. e3 Nc6 4. Bd3 Bg4 5. c4 e6 6. O-O Be7 7. Nbd2 O-O 8. Qb3
dxc4 9. Qxc4 Nd5 10. a3 Bf6 11. Qc2 Qd7 12. Bxh7+ Kh8 13. Bd3 g6 14. b4 Bg7 15.
Bb2 Nde7 16. Rad1 Nf5 17. h3 Bxf3 18. Nxf3 a6 19. Ne5 Bxe5 20. dxe5 Qe7 21. f4
Nxe3 22. Qf2 Nxf1 23. Rxf1 Qd7 24. Be4 Rad8 25. f5 Qd2 26. f6 Kh7 27. Qh4+ Qh6
28. Qe1 Qg5 29. Bc1 Qh5 30. Bf4 Rd7 31. Bf3 Qxf3 32. gxf3 1-0

[Event "V Open B Carnevale"]
[Site "Milano ITA"]
[Date "2014.03.09"]
[Round "5"]
[White "Prevedello, Daniele"]
[Black "Invernizzi, Ferruccio"]
[WhiteElo "1803"]
[BlackElo "1653"]
[Result "1-0"]
[PlyCount "43"]
[EventDate "2014.03.05"]

1. d4 d6 2. g3 Nf6 3. Bg2 c6 4. c4 g6 5. Nc3 Bg7 6. Nf3 O-O 7. O-O Qc7 8. e4 e5
9. d5 cxd5 10. cxd5 a6 11. Bg5 Bg4 12. h3 Bd7 13. Rc1 Qb6 14. Qe2 Bb5 15. Nxb5
axb5 16. Ra1 Na6 17. Nd2 Nc5 18. Rfc1 Qa6 19. Bf1 b4 20. Qf3 Qa5 21. Bxf6 Bh6
22. Rd1 1-0

[Event "V Open B Carnevale"]
[Site "Milano ITA"]
[Date "2014.03.09"]
[Round "5"]
[White "Quagliarella, Sabino Remo"]
[Black "Baronio, Gaia"]
[WhiteElo "1863"]
[BlackElo "1607"]
[Result "0-1"]
[PlyCount "80"]
[EventDate "2014.03.05"]

1. d4 d5 2. Nf3 Nf6 3. e3 Bg4 4. Be2 e6 5. O-O Bd6 6. Nbd2 Nbd7 7. c4 c6 8. h3
Bh5 9. b3 O-O 10. Bb2 Bc7 11. Ne5 Bxe2 12. Qxe2 Nxe5 13. dxe5 Nd7 14. f4 Bb6
15. b4 Bc7 16. c5 a5 17. a3 f6 18. Qg4 Qe7 19. Nf3 fxe5 20. fxe5 h6 21. e4 Rfe8
22. exd5 exd5 23. Rae1 axb4 24. axb4 Ra4 25. Qd4 b6 26. Qd2 bxc5 27. e6 Nf6 28.
bxc5 Ne4 29. Qd1 Rc4 30. Nd4 Qxc5 31. Rf7 Be5 32. Rxe4 dxe4 33. Rd7 Rxe6 34.
Qg4 Rc1+ 35. Bxc1 Bxd4+ 36. Kh2 Be5+ 37. Bf4 Bxf4+ 38. Qxf4 Qe5 39. Qxe5 Rxe5
40. Rc7 e3 0-1

[Event "V Open B Carnevale"]
[Site "Milano ITA"]
[Date "2014.03.09"]
[Round "5"]
[White "Reforgiato, Antonio"]
[Black "Vittadini, Attilio"]
[WhiteElo "1640"]
[BlackElo "1838"]
[Result "0-1"]
[PlyCount "58"]
[EventDate "2014.03.05"]

1. d4 d5 2. Nf3 Nf6 3. Bf4 g6 4. e3 Bg7 5. Be2 O-O 6. O-O b6 7. Nbd2 c5 8. c3
Nc6 9. Rc1 Bb7 10. Qc2 Rc8 11. dxc5 bxc5 12. Rfd1 Qb6 13. c4 d4 14. a3 Nh5 15.
Bg5 e5 16. Ne4 f5 17. Nd6 e4 18. Nxc8 Rxc8 19. Nxd4 cxd4 20. Bxh5 d3 21. Qd2
gxh5 22. c5 Qb3 23. Bf4 a5 24. Bd6 Ba6 25. f4 Qxb2 26. Qe1 Qxa3 27. Qg3 Qb3 28.
Qg5 d2 29. Rb1 Qxe3+ 0-1

[Event "V Open B Carnevale"]
[Site "Milano ITA"]
[Date "2014.03.09"]
[Round "5"]
[White "Rossi, Giampiero"]
[Black "Nassiri, Shair"]
[WhiteElo "1878"]
[BlackElo "1512"]
[Result "0-1"]
[PlyCount "86"]
[EventDate "2014.03.05"]

1. d4 d5 2. c4 c6 3. cxd5 cxd5 4. Nc3 Nf6 5. Nf3 e6 6. Bf4 Nbd7 7. e3 Bb4 8.
Bd3 Ne4 9. Qb3 Qa5 10. Bxe4 dxe4 11. Nd2 Nf6 12. Nc4 Bxc3+ 13. bxc3 Qd5 14.
Nd6+ Kf8 15. O-O Qxb3 16. axb3 Ke7 17. Nxc8+ Rhxc8 18. c4 Nh5 19. Bg3 Nxg3 20.
hxg3 a6 21. Rfc1 Rc6 22. c5 a5 23. Ra4 b6 24. b4 b5 25. Ra2 a4 26. Ra3 Rd8 27.
Kf1 Rd5 28. Ke2 Kd7 29. Rh1 h6 30. Rh4 f5 31. Rh1 Rc8 32. f4 Kc6 33. Rh4 Rd7
34. g4 Rf7 35. gxf5 exf5 36. g4 Kd5 37. Rc3 Ra8 38. gxf5 Rxf5 39. Rh1 Ra6 40.
Ra1 g5 41. fxg5 Rxg5 42. Rac1 Rgg6 43. Kd2 Rg2+ 0-1

[Event "V Open B Carnevale"]
[Site "Milano ITA"]
[Date "2014.03.09"]
[Round "5"]
[White "Vece, Luigi"]
[Black "Bianchi, Paolo"]
[WhiteElo "1608"]
[BlackElo "1691"]
[Result "0-1"]
[PlyCount "106"]
[EventDate "2014.03.05"]

1. e4 d6 2. d4 Nf6 3. Nc3 g6 4. Nf3 Bg7 5. Bc4 O-O 6. O-O Bg4 7. h3 Bxf3 8.
Qxf3 c6 9. Bf4 Qb6 10. e5 dxe5 11. dxe5 Nh5 12. Bb3 Nxf4 13. Qxf4 e6 14. Ne4
Qc7 15. Nf6+ Bxf6 16. Qxf6 Nd7 17. Qe7 Rfe8 18. Qd6 Qxd6 19. exd6 Rad8 20. Rad1
Nc5 21. f3 Rd7 22. Rd2 Red8 23. Rfd1 Nxb3 24. axb3 c5 25. f4 f6 26. g4 Kf7 27.
Kf2 e5 28. f5 g5 29. Rd5 b6 30. Ke3 Rh8 31. Kd3 h5 32. Kc4 hxg4 33. hxg4 Rh4
34. Rg1 a6 35. Rd2 Rh8 36. Kd5 Rxd6+ 37. Kxd6 Rd8+ 38. Kc7 Rxd2 39. Kxb6 Rxc2
40. Kxa6 Rxb2 41. Kb5 Rxb3+ 42. Kxc5 Rd3 43. Kc4 Rd4+ 44. Kc5 Ke7 45. Rh1 Rxg4
46. Rh7+ Kf8 47. Kd6 Kg8 48. Rc7 Ra4 49. Rc6 Ra7 50. Ke6 Kg7 51. Rc4 Ra6+ 52.
Ke7 Kh6 53. Rc2 g4 0-1

[Event "V Open B Carnevale"]
[Site "Milano ITA"]
[Date "2014.03.09"]
[Round "5"]
[White "Verderame, Alberto"]
[Black "Longo, Giovanni"]
[WhiteElo "1495"]
[BlackElo "1660"]
[Result "0-1"]
[PlyCount "50"]
[EventDate "2014.03.05"]

1. Nf3 d5 2. d4 Nf6 3. c3 e6 4. b3 Bd6 5. Bb2 O-O 6. e3 Nbd7 7. Bd3 Re8 8. O-O
e5 9. dxe5 Nxe5 10. Nxe5 Bxe5 11. Nd2 c6 12. Nf3 Bg4 13. Be2 Bd6 14. c4 Qe7 15.
Nd4 Qe5 16. g3 Bh3 17. Re1 dxc4 18. Nf3 Qxb2 19. Qxd6 cxb3 20. axb3 Ne4 21. Qd3
Rad8 22. Qc4 Nd2 23. Nxd2 Rxd2 24. Rxa7 Be6 25. Qe4 Rxe2 0-1

[Event "V Open B Carnevale"]
[Site "Milano ITA"]
[Date "2014.03.09"]
[Round "6"]
[White "Aloe, Giancarlo"]
[Black "Pollio, Ciro"]
[WhiteElo "1672"]
[BlackElo "1758"]
[Result "1/2-1/2"]
[PlyCount "144"]
[EventDate "2014.03.05"]

1. d4 Nf6 2. Nf3 c5 3. d5 b5 4. g3 Bb7 5. c4 bxc4 6. Nc3 g6 7. e4 d6 8. Qa4+
Nbd7 9. Bxc4 Bg7 10. e5 dxe5 11. Nxe5 O-O 12. Nc6 Bxc6 13. Qxc6 Ne5 14. Qa6
Nf3+ 15. Kf1 Qd7 16. Kg2 Nd4 17. Be3 Qf5 18. Bxd4 cxd4 19. Bd3 Qd7 20. Ne2
Qxd5+ 21. f3 Rfb8 22. b3 Rb6 23. Qa4 e5 24. Rhe1 e4 25. fxe4 Nxe4 26. Bc4 Qb7
27. Kg1 Nc3 28. Nxc3 dxc3 29. Re8+ Rxe8 30. Qxe8+ Bf8 31. Rf1 Re6 32. Bxe6 Qb6+
33. Rf2 Qxe6 34. Qxe6 fxe6 35. Kg2 Kg7 36. Kf3 Bc5 37. Rc2 Bd4 38. Ke4 e5 39.
Kd3 Kf6 40. a4 Kf5 41. h3 h5 42. b4 g5 43. b5 h4 44. gxh4 g4 45. hxg4+ Kxg4 46.
Rxc3 Bxc3 47. Kxc3 Kf3 48. h5 e4 49. h6 e3 50. h7 e2 51. h8=Q e1=Q+ 52. Kb3
Qe6+ 53. Kb4 Qd6+ 54. Kc4 Qc7+ 55. Kd3 Qd6+ 56. Kc2 Qg6+ 57. Kb2 Qb6 58. Qf8+
Ke4 59. Qb4+ Kd5 60. a5 Qf2+ 61. Kb3 Qf3+ 62. Ka4 Qf2 63. Qb3+ Kd6 64. Qd1+ Kc5
65. Qh5+ Kc4 66. Qg4+ Kd5 67. Qd7+ Ke5 68. Qc7+ Kd5 69. Qc6+ Kd4 70. b6 Qa2+
71. Kb5 Qe2+ 72. Kb4 Qb2+ 1/2-1/2

[Event "V Open B Carnevale"]
[Site "Milano ITA"]
[Date "2014.03.09"]
[Round "6"]
[White "Bianchi, Paolo"]
[Black "Prevedello, Daniele"]
[WhiteElo "1691"]
[BlackElo "1803"]
[Result "0-1"]
[PlyCount "40"]
[EventDate "2014.03.05"]

1. Nf3 d5 2. d4 Nf6 3. g3 g6 4. b3 Bg7 5. Bb2 O-O 6. Bg2 Nbd7 7. O-O b6 8. Nbd2
Bb7 9. c4 c5 10. cxd5 Nxd5 11. e4 Nb4 12. Qb1 cxd4 13. Bxd4 Bxd4 14. Nxd4 Ne5
15. N2f3 Nxf3+ 16. Nxf3 Rc8 17. Rd1 Qc7 18. Rd4 Qc3 19. Qd1 Ba6 20. Qd2 Qxa1+
0-1

[Event "V Open B Carnevale"]
[Site "Milano ITA"]
[Date "2014.03.09"]
[Round "6"]
[White "Carbone, Lorenzo"]
[Black "Lavorgna, Francesco"]
[WhiteElo "1689"]
[BlackElo "1591"]
[Result "1/2-1/2"]
[PlyCount "50"]
[EventDate "2014.03.05"]

1. e4 c6 2. c4 d5 3. exd5 cxd5 4. cxd5 Nf6 5. Qa4+ Bd7 6. Bb5 Nxd5 7. Bxd7+
Qxd7 8. Qxd7+ Nxd7 9. a3 e6 10. Nc3 Nf4 11. g3 Nd3+ 12. Kf1 Bc5 13. Nh3 O-O 14.
Ke2 N3e5 15. Rd1 Nc6 16. d3 Rac8 17. Be3 Nd4+ 18. Bxd4 Bxd4 19. Rac1 Bxc3 20.
Rxc3 Rxc3 21. bxc3 Rc8 22. Rc1 e5 23. Ng5 f6 24. Ne4 Rc6 25. Rb1 b6 1/2-1/2

[Event "V Open B Carnevale"]
[Site "Milano ITA"]
[Date "2014.03.09"]
[Round "6"]
[White "Casamassima, Paolo"]
[Black "Iacchetti, Giovanni"]
[WhiteElo "1690"]
[BlackElo "1744"]
[Result "0-1"]
[PlyCount "86"]
[EventDate "2014.03.05"]

1. d4 d6 2. c4 Nf6 3. Nc3 g6 4. g3 c6 5. Bg2 Bg7 6. Nf3 O-O 7. O-O Bg4 8. h3
Bd7 9. Re1 Qa5 10. e4 Na6 11. a3 e5 12. dxe5 dxe5 13. Be3 Rfd8 14. Qb3 Qc7 15.
Rad1 b6 16. Qc2 Nh5 17. Nh4 Be6 18. Na4 Bxc4 19. Rc1 Bb5 20. Nc3 Rac8 21. Nxb5
cxb5 22. Qe2 Qd7 23. Rxc8 Rxc8 24. Rd1 Qe8 25. b4 Rc4 26. Rd5 Nc7 27. Rd6 Ne6
28. Qd1 Qc8 29. Bf1 Rxe4 30. Bxb5 Bf6 31. Nf3 Nd4 32. Nxd4 exd4 33. Bxd4 Rxd4
34. Rxd4 Bxd4 35. Qxd4 Qxh3 36. Bd7 f5 37. Be6+ Kf8 38. Qd8+ Kg7 39. Qg5 Nf6
40. Bc4 Qh6 41. f4 Qxg5 42. fxg5 Ne4 43. Kg2 Nxg5 0-1

[Event "V Open B Carnevale"]
[Site "Milano ITA"]
[Date "2014.03.09"]
[Round "6"]
[White "Colica, Daniele"]
[Black "Quagliarella, Sabino Remo"]
[WhiteElo "1726"]
[BlackElo "1863"]
[Result "0-1"]
[PlyCount "46"]
[EventDate "2014.03.05"]

1. Nf3 Nf6 2. b3 c5 3. Bb2 d5 4. e3 Nc6 5. Bb5 Bg4 6. h3 Bh5 7. g4 Bg6 8. Ne5
Qb6 9. Bxc6+ bxc6 10. d3 e6 11. h4 h5 12. g5 Nd7 13. c4 Nxe5 14. Bxe5 O-O-O 15.
Nc3 dxc4 16. Na4 Qa6 17. d4 cxd4 18. exd4 Bb4+ 19. Kf1 cxb3+ 20. Kg1 Bc2 21.
Qf3 Qxa4 22. Qxf7 Rd7 23. Qxe6 b2 0-1

[Event "V Open B Carnevale"]
[Site "Milano ITA"]
[Date "2014.03.09"]
[Round "6"]
[White "Fantina, Carla"]
[Black "Verderame, Alberto"]
[WhiteElo "1437"]
[BlackElo "1495"]
[Result "0-1"]
[PlyCount "90"]
[EventDate "2014.03.05"]

1. c4 c6 2. Nc3 d5 3. e3 Bf5 4. d4 Nf6 5. Nf3 e6 6. Be2 dxc4 7. Bxc4 b5 8. Bb3
b4 9. Ne2 Bd6 10. O-O Be4 11. Ng3 Bd5 12. Nd2 O-O 13. Nc4 Bc7 14. Re1 a5 15.
Ne5 Ne4 16. Bxd5 cxd5 17. Qg4 Bxe5 18. dxe5 Nd7 19. f4 Ndc5 20. Rd1 f6 21. Nxe4
Nxe4 22. Qxe6+ Kh8 23. Qxd5 fxe5 24. Qxd8 Raxd8 25. Rxd8 Rxd8 26. g3 exf4 27.
exf4 Rd1+ 28. Kg2 a4 29. Kf3 Nd2+ 30. Ke2 Rh1 31. Kxd2 Rxh2+ 32. Ke1 Rg2 33.
Be3 Rxg3 34. Kf2 Rh3 35. Rd1 h5 36. Rd8+ Kh7 37. Bd4 h4 38. Rb8 Rh2+ 39. Ke3 h3
40. Rb7 Rg2 41. Kf3 Rg6 42. f5 Rg5 43. f6 h2 44. Rxg7+ Rxg7 45. fxg7 h1=Q+ 0-1

[Event "V Open B Carnevale"]
[Site "Milano ITA"]
[Date "2014.03.09"]
[Round "6"]
[White "Greco, Giovanni"]
[Black "Pipitone, Filippo Massimo"]
[WhiteElo "1425"]
[BlackElo "1533"]
[Result "0-1"]
[PlyCount "62"]
[EventDate "2014.03.05"]

1. d4 d5 2. c4 e6 3. Nc3 Nf6 4. Bg5 Be7 5. Nf3 O-O 6. e3 h6 7. Bh4 b6 8. cxd5
exd5 9. Be2 Bb7 10. O-O Nbd7 11. Rc1 c5 12. dxc5 bxc5 13. Re1 Re8 14. Bb5 a6
15. Ba4 Rc8 16. Re2 Rf8 17. Rd2 g5 18. Bg3 Nb6 19. Bb3 Re8 20. Be5 c4 21. Bc2
Ng4 22. Rd4 Nxe5 23. Nxe5 Bf6 24. f4 Bxe5 25. fxe5 Rxe5 26. Qh5 Rc6 27. Rf1 Rf6
28. Nd1 Rxf1+ 29. Kxf1 Qf6+ 30. Ke2 Bc8 31. h3 g4 0-1

[Event "V Open B Carnevale"]
[Site "Milano ITA"]
[Date "2014.03.09"]
[Round "6"]
[White "Lavorgna, Filippo"]
[Black "Olmo Fernandez, Angel"]
[WhiteElo "1735"]
[BlackElo "1587"]
[Result "1/2-1/2"]
[PlyCount "76"]
[EventDate "2014.03.05"]

1. Nf3 Nf6 2. c4 c6 3. g3 d5 4. Bg2 e6 5. O-O Nbd7 6. Nc3 dxc4 7. b3 cxb3 8.
Qxb3 Qb6 9. Qc4 Qb4 10. Qxb4 Bxb4 11. Bb2 O-O 12. Nd4 e5 13. Nc2 Bd6 14. Rfd1
Nb6 15. d3 Be6 16. Ne3 Rfd8 17. h3 h6 18. a4 a5 19. Rab1 Bb3 20. Rdc1 Nxa4 21.
Nxa4 Bxa4 22. Nc4 Bb5 23. Bxe5 Bxc4 24. Bxf6 gxf6 25. Rxc4 Bb4 26. d4 Rd6 27.
e3 Rb8 28. Kf1 Kf8 29. Ke2 Ke7 30. Rd1 Rbd8 31. Rd3 Kd7 32. Kd1 b5 33. Rc2 Kc7
34. Kc1 Kb6 35. Kb2 a4 36. Bf3 Kb7 37. Bg2 Kb6 38. Bf3 Kb7 1/2-1/2

[Event "V Open B Carnevale"]
[Site "Milano ITA"]
[Date "2014.03.09"]
[Round "6"]
[White "Mazzoccoli, Simone"]
[Black "Rossi, Giampiero"]
[WhiteElo "1752"]
[BlackElo "1878"]
[Result "1/2-1/2"]
[PlyCount "79"]
[EventDate "2014.03.05"]

1. e4 c5 2. Nc3 e6 3. g3 Nc6 4. Bg2 g6 5. d3 Bg7 6. Nge2 Nge7 7. O-O O-O 8. Bg5
f6 9. Be3 d6 10. Qd2 e5 11. h3 Be6 12. Nd5 Qd7 13. Kh2 Rab8 14. Bh6 b5 15. Bxg7
Kxg7 16. f4 Nd4 17. c3 Nxe2 18. Qxe2 b4 19. Nxe7 Qxe7 20. f5 Bf7 21. c4 g5 22.
Bf3 a5 23. Qc2 Qd7 24. Rfb1 Rb7 25. Qd1 Rfb8 26. Kg2 a4 27. Kh2 h6 28. Kg2 Rb6
29. Kh2 Qa7 30. Kg2 a3 31. b3 Qe7 32. Qd2 Rh8 33. Rh1 Rbb8 34. Be2 Rbg8 35.
Raf1 Kf8 36. Qd1 Be8 37. Rf2 Qg7 38. Rff1 h5 39. Qd2 h4 40. g4 1/2-1/2

[Event "V Open B Carnevale"]
[Site "Milano ITA"]
[Date "2014.03.09"]
[Round "6"]
[White "Nassiri, Shair"]
[Black "Baronio, Gaia"]
[WhiteElo "1512"]
[BlackElo "1607"]
[Result "1-0"]
[PlyCount "113"]
[EventDate "2014.03.05"]

1. d4 d5 2. c4 c6 3. Nc3 Nf6 4. Nf3 dxc4 5. a4 Bf5 6. e3 e6 7. Bxc4 Bb4 8. O-O
O-O 9. Bd2 a5 10. Re1 Bg6 11. Ne5 Bh5 12. Qc2 Nbd7 13. Bd3 Bd6 14. f4 Bg6 15.
Nxd7 Qxd7 16. e4 Bc7 17. Ne2 Bb6 18. Bc3 Bd8 19. Kh1 h6 20. Rad1 Ng4 21. Ng3
Nf6 22. Rf1 Be7 23. f5 exf5 24. Nxf5 Bxf5 25. Rxf5 b6 26. Rdf1 Bd8 27. Qe2 Ra7
28. e5 Nd5 29. e6 Qd6 30. Qe4 g6 31. exf7+ Raxf7 32. Rxf7 Rxf7 33. Qe8+ Rf8 34.
Rxf8+ Qxf8 35. Qxg6+ Qg7 36. Qxc6 Nxc3 37. bxc3 Qg5 38. Qe6+ Kg7 39. Qe1 Bc7
40. g3 Qf6 41. Qe4 Qd6 42. Kg2 Kf7 43. Kf3 Qa3 44. Qf5+ Ke7 45. Qe4+ Kf8 46.
Qc6 Bd8 47. Qxh6+ Ke8 48. Qc6+ Kf8 49. h4 Qa1 50. Qh6+ Ke7 51. Qg5+ Kd7 52.
Bb5+ Kc7 53. Qf4+ Kb7 54. Qe3 Qd1+ 55. Qe2 Qh1+ 56. Kg4 Qd5 57. Qf3 1-0

[Event "V Open B Carnevale"]
[Site "Milano ITA"]
[Date "2014.03.09"]
[Round "6"]
[White "Vece, Luigi"]
[Black "Longo, Giovanni"]
[WhiteElo "1608"]
[BlackElo "1660"]
[Result "1/2-1/2"]
[PlyCount "38"]
[EventDate "2014.03.05"]

1. e4 c6 2. d4 d5 3. Nc3 dxe4 4. Nxe4 Bf5 5. Ng3 Bg6 6. h4 h6 7. Nh3 Nf6 8. Be3
e6 9. Bd3 Bxd3 10. Qxd3 Nbd7 11. Nf4 Qa5+ 12. Bd2 Qb5 13. Qxb5 cxb5 14. Nd3 Bd6
15. Ne2 Ne4 16. Be3 Ndf6 17. Nc5 Nxc5 18. dxc5 Be5 19. O-O-O O-O 1/2-1/2

[Event "V Open B Carnevale"]
[Site "Milano ITA"]
[Date "2014.03.09"]
[Round "6"]
[White "Vigliaroli, Matteo Luigi"]
[Black "Vittadini, Attilio"]
[WhiteElo "1625"]
[BlackElo "1838"]
[Result "1/2-1/2"]
[PlyCount "55"]
[EventDate "2014.03.05"]

1. e4 c5 2. c3 Nf6 3. e5 Nd5 4. d4 cxd4 5. cxd4 e6 6. Nc3 Bb4 7. Bd2 Qa5 8.
Nxd5 Bxd2+ 9. Qxd2 Qxd5 10. Nf3 Nc6 11. a3 b6 12. Be2 d6 13. exd6 Qxd6 14. O-O
O-O 15. b4 Rd8 16. Rfd1 Bb7 17. Qe3 Rac8 18. Rac1 Ne7 19. Rxc8 Rxc8 20. Bd3 Rd8
21. h4 g6 22. Qh6 Bxf3 23. gxf3 Nf5 24. Bxf5 exf5 25. Kg2 Qc7 26. Qe3 Rd7 27.
Re1 Qd8 28. Rd1 1/2-1/2

[Event "V Open B Carnevale"]
[Site "Milano ITA"]
[Date "2014.03.09"]
[Round "6"]
[White "Vignati, Andrea"]
[Black "Frignani, Alessandro"]
[WhiteElo "1513"]
[BlackElo "1410"]
[Result "1-0"]
[PlyCount "33"]
[EventDate "2014.03.05"]

1. e4 e5 2. Nf3 Qf6 3. Nc3 c6 4. Bc4 Bc5 5. d3 h6 6. Be3 Bb6 7. O-O d6 8. d4
Qg6 9. dxe5 Bh3 10. Nh4 Qg4 11. Qxg4 Bxg4 12. Bxb6 axb6 13. exd6 Be6 14. Bxe6
fxe6 15. e5 Nd7 16. f4 Ra4 17. Nxa4 1-0

[Event "XIV C.to Europeo Seniores Over 50"]
[Site "Oporto POR"]
[Date "2014.03.09"]
[Round "1"]
[White "Bruno, Fabio"]
[Black "Hoeg, Claus"]
[WhiteElo "2410"]
[BlackElo "2118"]
[Result "1-0"]
[PlyCount "53"]
[EventDate "2014.03.09"]

1. d4 Nf6 2. Nf3 g6 3. Bf4 Bg7 4. e3 O-O 5. Be2 d6 6. h3 Nc6 7. O-O Bf5 8. c4
Re8 9. Nc3 h6 10. d5 Nb8 11. Nd4 Bc8 12. e4 e5 13. dxe6 fxe6 14. e5 dxe5 15.
Bxe5 Nbd7 16. Bg3 e5 17. Nb3 c6 18. Re1 a5 19. Bd3 a4 20. Nd2 Nf8 21. Qc2 Nh5
22. Nf1 Nxg3 23. Nxg3 a3 24. b3 Qd4 25. Rad1 Qh4 26. Bxg6 Nxg6 27. Qxg6 1-0

[Event "XIV C.to Europeo Seniores Over 50"]
[Site "Oporto POR"]
[Date "2014.03.10"]
[Round "2"]
[White "Furman, Boris"]
[Black "Bruno, Fabio"]
[WhiteElo "2225"]
[BlackElo "2410"]
[Result "0-1"]
[PlyCount "144"]
[EventDate "2014.03.09"]

1. d4 Nf6 2. c4 e6 3. Nc3 Bb4 4. Nf3 b6 5. Bg5 Bb7 6. e3 h6 7. Bh4 g5 8. Bg3
Ne4 9. Qc2 Bxc3+ 10. bxc3 d6 11. Bd3 Nxg3 12. hxg3 g4 13. Nh4 Qg5 14. Be4 c6
15. d5 cxd5 16. cxd5 Bxd5 17. Qa4+ Nd7 18. Bxd5 Qxd5 19. Qxg4 Ne5 20. Qd4 Qxd4
21. cxd4 Nc4 22. d5 Ne5 23. dxe6 fxe6 24. Nf3 Nf7 25. a4 Kd7 26. a5 b5 27. a6
Rhc8 28. Kd2 e5 29. Rhb1 Rc5 30. Ne1 Rd5+ 31. Ke2 Rc8 32. Rb2 Rdc5 33. Rab1
R8c6 34. Nd3 Rc2+ 35. Rxc2 Rxc2+ 36. Kd1 Ra2 37. Rxb5 Rxa6 38. Rb7+ Ke6 39. f4
Nd8 40. Rh7 Nf7 41. f5+ Ke7 42. Nf2 Ra4 43. e4 Kf8 44. Ng4 Ng5 45. Rxh6 Nxe4
46. Ne3 Rd4+ 47. Ke2 a5 48. g4 a4 49. Rh8+ Kg7 50. Ra8 Nc3+ 51. Kf2 Kf6 52.
Rf8+ Kg5 53. Rg8+ Kf4 54. g3+ Ke4 55. f6 Rd2+ 56. Kg1 Kxe3 57. f7 Ne2+ 58. Kf1
Nxg3+ 59. Kg1 Ne2+ 60. Kh1 a3 61. Ra8 Ng3+ 62. Kg1 Ne2+ 63. Kh1 Rd1+ 64. Kh2
Rf1 65. Rxa3+ Ke4 66. Ra7 Nd4 67. g5 Ne6 68. g6 Rf2+ 69. Kh1 Rf6 70. Re7 Nf8
71. Re8 Nxg6 72. Rg8 Rxf7 0-1

[Event "XIV C.to Europeo Seniores Over 50"]
[Site "Oporto POR"]
[Date "2014.03.11"]
[Round "3"]
[White "Bruno, Fabio"]
[Black "Bebchuk, Boris"]
[WhiteElo "2410"]
[BlackElo "2162"]
[Result "1/2-1/2"]
[PlyCount "111"]
[EventDate "2014.03.09"]

1. d4 d5 2. Nf3 Nf6 3. Bf4 e6 4. e3 Bd6 5. Bg3 O-O 6. Nbd2 Nc6 7. c4 Re8 8.
cxd5 exd5 9. Bb5 Bxg3 10. hxg3 Qd6 11. O-O Ng4 12. Bxc6 bxc6 13. Qc2 Rb8 14. b3
Bd7 15. Rfe1 Re6 16. e4 Rbe8 17. e5 Qf8 18. Qf5 Rd6 19. Qf4 Rh6 20. Ng5 f6 21.
e6 fxg5 22. Qxg4 Rhxe6 23. Rxe6 Rxe6 24. Qxg5 h6 25. Qf4 Re2 26. Rd1 Bg4 27.
Kf1 Rxf2+ 28. Kxf2 Bxd1 29. Ke1 Qxf4 30. gxf4 Bg4 31. Nb1 Kf7 32. Nc3 Ke6 33.
Kf2 Bf5 34. Ke3 h5 35. g3 Bh3 36. Kf3 Kf5 37. Na4 Bg4+ 38. Ke3 Bd1 39. Nc5 Bc2
40. Nd7 Kg4 41. Kf2 h4 42. Ne5+ Kf5 43. gxh4 Kxf4 44. Nxc6 Ke4 45. Nxa7 Bd3 46.
Nc6 Bb5 47. Nb4 Kxd4 48. a4 Bd7 49. Ke2 c5 50. Na6 c4 51. bxc4 Bxa4 52. cxd5
Bb5+ 53. Kf3 Bxa6 54. d6 Bc8 55. Kf4 Kd5 56. Kg5 1/2-1/2

[Event "XIV C.to Europeo Seniores Over 50"]
[Site "Oporto POR"]
[Date "2014.03.12"]
[Round "4"]
[White "Maryasin, Boris"]
[Black "Bruno, Fabio"]
[WhiteElo "2330"]
[BlackElo "2410"]
[Result "0-1"]
[PlyCount "68"]
[EventDate "2014.03.09"]

1. e4 e6 2. d3 d5 3. Qe2 Ne7 4. g3 c5 5. Bg2 Nbc6 6. Nf3 g6 7. O-O Bg7 8. c3 h6
9. h4 b6 10. Re1 Ba6 11. e5 Qc7 12. a4 Na5 13. Bf4 c4 14. Nd4 cxd3 15. Qd1 Nac6
16. Nf3 g5 17. hxg5 Ng6 18. gxh6 Bxh6 19. Bxh6 Rxh6 20. Qd2 Rh5 21. g4 Rxe5 22.
Nxe5 Ncxe5 23. Qg5 Kd7 24. Nd2 Rh8 25. Re3 Nc4 26. Rf3 Qh2+ 27. Kf1 Nxd2+ 28.
Qxd2 Nh4 29. Rg3 Nxg2 30. Rxg2 Qh1+ 31. Rg1 Qf3 32. b3 Rh1 33. Qe3 d2+ 34. c4
d1=Q+ 0-1

[Event "XIV C.to Europeo Seniores Over 50"]
[Site "Oporto POR"]
[Date "2014.03.13"]
[Round "5"]
[White "Bruno, Fabio"]
[Black "Kalegin, Evgenij"]
[WhiteElo "2410"]
[BlackElo "2453"]
[Result "0-1"]
[PlyCount "96"]
[EventDate "2014.03.09"]

1. d4 Nf6 2. Nf3 g6 3. c4 Bg7 4. Nc3 O-O 5. e4 d6 6. Be2 Nbd7 7. O-O e5 8. Be3
h6 9. dxe5 dxe5 10. Qc1 Kh7 11. Rd1 Ng8 12. Rd3 c6 13. Qd2 Qe7 14. Rd6 Re8 15.
Rd1 Nf8 16. c5 Ne6 17. b4 Nf4 18. b5 Nxe2+ 19. Qxe2 Qc7 20. Qb2 Nf6 21. b6 Qe7
22. h3 Nh5 23. Ne2 Be6 24. a3 axb6 25. cxb6 Ra5 26. Qc3 Rb5 27. Nc1 Nf4 28. a4
Rb1 29. Qc2 Rb4 30. a5 Ra8 31. Ne2 Rc4 32. Qd2 Nxe2+ 33. Qxe2 Rxa5 34. Rd7 Bxd7
35. Qxc4 Be6 36. Qc3 Ra3 37. Qc1 Ra4 38. Nd2 Bf8 39. f3 Qa3 40. Qxa3 Rxa3 41.
Nf1 Be7 42. Rc1 Kg7 43. Kf2 Ra2+ 44. Nd2 Bb4 45. Ke2 c5 46. Kd3 Bd7 47. g3 Bb5+
48. Nc4 Ra3+ 0-1

[Event "XIV C.to Europeo Seniores Over 50"]
[Site "Oporto POR"]
[Date "2014.03.14"]
[Round "6"]
[White "Arkell, Keith C."]
[Black "Bruno, Fabio"]
[WhiteElo "2448"]
[BlackElo "2410"]
[Result "1/2-1/2"]
[PlyCount "101"]
[EventDate "2014.03.09"]

1. d4 Nf6 2. Nf3 e6 3. c4 Bb4+ 4. Bd2 a5 5. Nc3 b6 6. g3 Bb7 7. Bg2 O-O 8. O-O
d6 9. b3 Nbd7 10. a3 Bxc3 11. Bxc3 Be4 12. Bh3 c6 13. Nd2 Bg6 14. Bg2 d5 15. a4
h6 16. Bb2 b5 17. axb5 cxb5 18. Ba3 b4 19. Bb2 Ra7 20. Re1 a4 21. bxa4 Nb6 22.
Qb3 Qa8 23. a5 Rxa5 24. Qxb4 Na4 25. Bc3 Ra6 26. Qa3 Qa7 27. c5 Ra8 28. Qc1
Nxc3 29. Rxa6 Nxe2+ 30. Rxe2 Qxa6 31. Re1 Qa5 32. Nf3 Nd7 33. Qe3 Be4 34. Rc1
Bxf3 35. Bxf3 Rc8 36. Rb1 Qc7 37. Be2 e5 38. Bg4 exd4 39. Qxd4 Ne5 40. Be2 Nc6
41. Qxd5 Ne7 42. Qe4 Qxc5 43. Ba6 Qc6 44. Qd3 Rf8 45. Bc4 g6 46. Ra1 Rc8 47.
Rc1 Kg7 48. Rc2 Qf6 49. Ra2 Nf5 50. Ra7 Rd8 51. Qf3 1/2-1/2